[Event "Novi Sad Serbian op"]
[Site "Novi Sad"]
[Date "2016.11.06"]
[Round "1"]
[White "Obradovic, Milorad"]
[Black "Kantane, Anna"]
[Result "0-1"]
[WhiteElo "1922"]
[BlackElo "2280"]
[PlyCount "76"]
[EventDate "2016.11.06"]
[EventType "swiss"]
[EventRounds "9"]
[EventCountry "SRB"]
[SourceTitle "CBM 175 Extra"]
[Source "ChessBase"]
[SourceDate "2016.12.12"]
[SourceVersion "1"]
[SourceVersionDate "2016.12.12"]
[SourceQuality "1"]

1. e4 c5 2. f4 d5 3. e5 Nc6 4. Nf3 h5 5. d3 Nh6 6. Be2 Nf5 7. c3 e6 8. Na3 h4 9. 0-0 Qb6 10. Nc2 Bd7 11. Ng5 Be7 12. Bg4 Bxg5 13. Bxf5 exf5 14. fxg5 0-0-0 15. Bf4 h3 16. g3 Rde8 17. Re1 Nd8 18. d4 c4 19. b3 Ne6 20. bxc4 Nxf4 21. gxf4 dxc4 22. Ne3 Rd8 23. Qf3 Bc6 24. Qe2 Qa5 25. Qxc4 Rh4 26. d5 Rxd5 27. Nxd5 Qxd5 28. Qxd5 Bxd5 29. g6 Rg4+ 30. Kf2 Rxf4+ 31. Kg3 Rg4+ 32. Kf2 Rxg6 33. Ke3 Rg2 34. Re2 f4+ 35. Kd2 Bc4 36. Rxg2 hxg2 37. Rg1 Bf1 38. Ke1 Kd7 0-1